01174cam a2200253 a 450000100100000000500170001000800410002702000150006804000250008308200150010810000370012324500740016026000710023430000210030549000670032650000560039350400320044960000730048160000450055483000760059995201120067595201180078799900150090500000717820200929154104.0900604s1989 sp b 001 0 spa  a8478200355 aDO-SdBNPbspacBNPHU a920bF954b1 aFuentes, Víctor,d1933-91993210aBenjamín Jarnés, biografía y metaficción /cVíctor Fuentes. aZaragoza, España :bInstitución Fernando el Católico,c1989. a149 p. ;c22 cm.1 aPublicación de la Institución Fernando el Católicov1193 aI centenario del nacimiento de Benjamín Jarnés. aBibliografía : p. 143-14714aJARNÉS, BENJAMÍN,d1888-1950xCRÍTICA E INTERPRTACIÓN91993314aJARNÉS, BENJAMÍNxBIOGRAFÍA919934 0aPublicación de la Institución Fernando el Católico ;v1193914666 001050718MOaGRbGRcHDd2009-09-05iLF1l0o920 F954bp7178-10r2020-06-25w2020-06-25y1ZNo se presta 001150718MOaGRbGRcMId2017-05-22iLF1l0o920 F954bp7178-20r2020-06-25te. 0w2020-06-25y1ZNo se presta c6959d6959